Normal view
MARC view
Entry Topical Term
001 - CONTROL NUMBER
- control field: 4304
003 - CONTROL NUMBER IDENTIFIER
- control field: BD-RjUL
005 - DATE AND TIME OF LATEST TRANSACTION
- control field: 20220806152010.0
008 - FIXED-LENGTH DATA ELEMENTS
- fixed length control field: 220806|| aca||aabn | a|a d
040 ## - CATALOGING SOURCE
- Original cataloging agency: BD-RjUL
- Transcribing agency: BD-RjUL
150 ## - HEADING--TOPICAL TERM
- Topical term or geographic name entry element: Plantation crops
- Form subdivision: Sugarcane
- Geographic subdivision: Bangladesh
670 ## - SOURCE DATA FOUND
- Source citation: Work cat.: (BD-RjUL)80176: Kabir, Md. Humayun 2078, Incidence of red rot disease of sugarcane in Thakurgaon and Rajshahi areas with especial reference to ecological factirs /, 2006